000
00311nam a2200121Ia 4500
008
220204s9999 xx 000 0 und d
082
_a
036.08
_b
TIM
245
0
_a
Philosophy in social work
260
_a
London
_b
Routledge and Kegan Paul
_c
1978
700
_a
Timms, Noel
700
_a
Watson, David
942
_c
BK
999
_c
29196
_d
29196